[Event "NED-ch U11"]
[Site "Waalwijk"]
[Date "2012.04.07"]
[Round "7"]
[White "Van Eek, Jeffrey"]
[Black "Kerkmeester, Cedric"]
[Result "1-0"]
[WhiteElo "1046"]
[BlackElo "787"]
[PlyCount "57"]
[EventDate "2012.04.06"]
[EventType "swiss"]
[EventRounds "9"]
[EventCountry "NED"]
[SourceTitle "EXT 2013"]
[Source "ChessBase"]
[SourceDate "2012.11.22"]
[SourceVersion "1"]
[SourceVersionDate "2012.11.22"]
[SourceQuality "1"]

1. e4 e5 2. Nc3 Nf6 3. f4 exf4 4. e5 Qe7 5. Qe2 Ng8 6. Nf3 d6 7. Nd5 Qd7 8. c4 dxe5 9. Nxe5 Qf5 10. Ng6+ Be6 11. Nxh8 g6 12. Nxc7+ Kd8 13. Nxa8 Bg7 14. Nxf7+ Bxf7 15. Qd3+ Qxd3 16. Bxd3 Nc6 17. 0-0 Bd4+ 18. Kh1 Nb4 19. Rxf4 Bf6 20. Rf3 Kc8 21. a3 Nxd3 22. Rxd3 Bxc4 23. Rd6 Kb8 24. d3 Bb3 25. Bf4 Kxa8 26. Re1 a6 27. Bg3 Bf7 28. Bf2 h5 29. Rd7 1-0

[Event "NED-ch U11"]
[Site "Waalwijk"]
[Date "2012.04.06"]
[Round "2"]
[White "Schoppen, Casper"]
[Black "Van Eek, Jeffrey"]
[Result "1-0"]
[WhiteElo "1476"]
[BlackElo "1046"]
[PlyCount "51"]
[EventDate "2012.04.06"]
[EventType "swiss"]
[EventRounds "9"]
[EventCountry "NED"]
[SourceTitle "EXT 2013"]
[Source "ChessBase"]
[SourceDate "2012.11.22"]
[SourceVersion "1"]
[SourceVersionDate "2012.11.22"]
[SourceQuality "1"]

1. e4 e5 2. Nf3 Nc6 3. Bb5 d6 4. d4 exd4 5. Nxd4 Bd7 6. Nc3 a6 7. Nxc6 bxc6 8. Bc4 Nf6 9. 0-0 d5 10. exd5 Bg4 11. Qd4 c5 12. Re1+ Kd7 13. Qd3 Bd6 14. Bg5 Bh5 15. Bxf6 Qxf6 16. Qh3+ Kd8 17. Qxh5 g6 18. Qf3 Qh4 19. Bd3 c4 20. g3 Qg5 21. Bxc4 f5 22. h4 Qg4 23. Qxg4 fxg4 24. Ne4 Be5 25. c3 Rb8 26. Ng5 1-0

[Event "NED-ch U11"]
[Site "Waalwijk"]
[Date "2012.04.06"]
[Round "3"]
[White "Van Eek, Jeffrey"]
[Black "De Voys, Mats"]
[Result "1/2-1/2"]
[WhiteElo "1046"]
[BlackElo "814"]
[PlyCount "85"]
[EventDate "2012.04.06"]
[EventType "swiss"]
[EventRounds "9"]
[EventCountry "NED"]
[SourceTitle "EXT 2013"]
[Source "ChessBase"]
[SourceDate "2012.11.22"]
[SourceVersion "1"]
[SourceVersionDate "2012.11.22"]
[SourceQuality "1"]

1. e4 e5 2. Nc3 Nf6 3. f4 Nc6 4. f5 Bc5 5. h3 0-0 6. Nf3 d6 7. Bc4 a6 8. d3 b5 9. Bd5 Nxd5 10. Nxd5 Bb7 11. Be3 Nd4 12. Nc3 b4 13. Na4 Ba7 14. 0-0 Bc6 15. b3 Bxa4 16. bxa4 Nxf3+ 17. Qxf3 Bxe3+ 18. Qxe3 Qd7 19. Qd2 Qxa4 20. c3 bxc3 21. Qxc3 Qb5 22. Rab1 Qc5+ 23. Qxc5 dxc5 24. Rfc1 Rfd8 25. Rd1 Rab8 26. Rb3 Rxb3 27. axb3 c4 28. bxc4 a5 29. Kf2 a4 30. Ke2 a3 31. Ra1 Ra8 32. Kd2 c5 33. Kc3 Kf8 34. Kb3 Ke7 35. h4 Kf6 36. g4 g6 37. g5+ Ke7 38. f6+ Kd6 39. Rxa3 Rxa3+ 40. Kxa3 Kc6 41. Ka4 Kb6 42. Kb3 Ka5 43. Ka3 1/2-1/2

[Event "NED-ch U11"]
[Site "Waalwijk"]
[Date "2011.04.23"]
[Round "9"]
[White "Van Eek, Jeffrey"]
[Black "De Haas, Lars"]
[Result "1-0"]
[WhiteElo "1042"]
[BlackElo "1248"]
[PlyCount "49"]
[EventDate "2011.04.22"]
[EventType "swiss"]
[EventRounds "9"]
[EventCountry "NED"]
[SourceTitle "EXT 2012"]
[Source "ChessBase"]
[SourceDate "2011.11.24"]
[SourceVersion "1"]
[SourceVersionDate "2011.11.24"]
[SourceQuality "1"]

1. e4 e5 2. Nc3 Nf6 3. f4 exf4 4. e5 Qe7 5. Qe2 Ng8 6. Nf3 Nc6 7. d4 f6 8. Nd5 Qd8 9. exf6+ Kf7 10. fxg7 Bxg7 11. c3 Nf6 12. Nxf6 Bxf6 13. Bxf4 Re8 14. Be3 Re4 15. 0-0-0 Qe7 16. Rd3 b6 17. Qf2 Ba6 18. Ng5+ Kg7 19. Nxe4 Qxe4 20. Rd1 Bh4 21. g3 Qxh1 22. Bxa6 Qd5 23. gxh4 Re8 24. Rg1+ Kh8 25. Qf6# 1-0

[Event "NED-ch U11"]
[Site "Waalwijk"]
[Date "2011.04.23"]
[Round "6"]
[White "Van Eek, Jeffrey"]
[Black "Zilverentant, Maarten"]
[Result "1-0"]
[WhiteElo "1042"]
[BlackElo "713"]
[PlyCount "149"]
[EventDate "2011.04.22"]
[EventType "swiss"]
[EventRounds "9"]
[EventCountry "NED"]
[SourceTitle "EXT 2012"]
[Source "ChessBase"]
[SourceDate "2011.11.24"]
[SourceVersion "1"]
[SourceVersionDate "2011.11.24"]
[SourceQuality "1"]

1. e4 e5 2. Nc3 Nf6 3. f4 Nc6 4. Nf3 exf4 5. Bc4 Bc5 6. d4 Bb4 7. e5 Ng4 8. h3 Ne3 9. Bxe3 fxe3 10. Qd3 Na5 11. Bb3 Nxb3 12. axb3 Bxc3+ 13. bxc3 0-0 14. 0-0 d5 15. Qxe3 Bf5 16. Rac1 Be4 17. Ng5 f6 18. Nxe4 dxe4 19. Qxe4 fxe5 20. Rxf8+ Qxf8 21. Qxe5 Re8 22. Qd5+ Kh8 23. Rf1 Qe7 24. Qxb7 Qe3+ 25. Kh1 h6 26. Qf3 Qxf3 27. Rxf3 Re1+ 28. Kh2 Re2 29. Rf7 Rxc2 30. Rxc7 a5 31. d5 Rd2 32. c4 Kg8 33. Ra7 Ra2 34. d6 Kf8 35. c5 Ke8 36. c6 Rc2 37. c7 Kd7 38. Rxa5 Kxd6 39. Ra7 Kd7 40. b4 Rb2 41. c8Q+ Kxc8 42. Rxg7 Rxb4 43. Rh7 Rb6 44. g4 Kd8 45. Kg3 Rb3+ 46. Kh4 Rb6 47. Kh5 Ke8 48. Rxh6 Rb5+ 49. g5 Rb3 50. h4 Kf7 51. Rf6+ Kg7 52. Rd6 Rb5 53. Rd7+ Kf8 54. Kh6 Ke8 55. Ra7 Rb4 56. h5 Kd8 57. g6 Rg4 58. Kh7 Rg5 59. h6 Kc8 60. g7 Kb8 61. g8Q+ Rxg8 62. Kxg8 Kxa7 63. h7 Ka6 64. h8Q Ka5 65. Qh4 Kb5 66. Qd4 Kc6 67. Kf7 Kb7 68. Qd6 Ka8 69. Qe7 Kb8 70. Kf8 Ka8 71. Ke8 Kb8 72. Kd8 Ka8 73. Qb4 Ka7 74. Kc7 Ka8 75. Qa4# 1-0

[Event "NED-ch U11"]
[Site "Waalwijk"]
[Date "2011.04.22"]
[Round "4"]
[White "Van Eek, Jeffrey"]
[Black "Bekedam, Tyro"]
[Result "0-1"]
[WhiteElo "1042"]
[BlackElo "1019"]
[PlyCount "122"]
[EventDate "2011.04.22"]
[EventType "swiss"]
[EventRounds "9"]
[EventCountry "NED"]
[SourceTitle "EXT 2012"]
[Source "ChessBase"]
[SourceDate "2011.11.24"]
[SourceVersion "1"]
[SourceVersionDate "2011.11.24"]
[SourceQuality "1"]

1. e4 e5 2. Nc3 Nc6 3. f4 exf4 4. Nf3 Be7 5. d4 Bh4+ 6. g3 fxg3 7. hxg3 Bxg3+ 8. Ke2 Bd6 9. d5 Ne5 10. Nxe5 Bxe5 11. Bh3 d6 12. Bxc8 Qxc8 13. Bd2 Qg4+ 14. Ke1 Qxd1+ 15. Rxd1 Nf6 16. Rg1 0-0 17. Bh6 Nh5 18. Rg5 Nf4 19. Rg1 Kh8 20. Bxf4 Bxf4 21. Ne2 Bh6 22. Ng3 Rfe8 23. Rd4 Be3 24. Rg2 Bxd4 25. c3 Be5 26. Nf5 Bf6 27. Ng3 Bh4 28. Kf2 Bxg3+ 29. Rxg3 Rxe4 30. Kf3 Rae8 31. Rg2 Re3+ 32. Kf4 Re2 33. Rg1 R8e4+ 34. Kf3 R2e3+ 35. Kf2 Re1 36. Rxe1 Rxe1 37. Kxe1 h6 38. b4 Kh7 39. a4 g5 40. c4 b6 41. a5 f5 42. axb6 axb6 43. b5 h5 44. Kf2 g4 45. Kg3 Kg6 46. Kg2 Kg5 47. Kg3 f4+ 48. Kg2 h4 49. Kh2 h3 50. Kg1 g3 51. Kh1 Kg4 52. Kg1 Kf3 53. Kh1 Ke2 54. Kg1 f3 55. Kh1 Kd3 56. Kg1 f2+ 57. Kf1 h2 58. Kg2 h1Q+ 59. Kxg3 f1Q 60. Kg4 Qff3+ 61. Kg5 Qhh5# 0-1